[Event "Mecklenburg VP LL1 0405"]
[Site "Mecklenburg VP"]
[Date "2004.11.28"]
[Round "3.5"]
[White "Pelnar, Helmut"]
[Black "Vlach, Michael"]
[Result "1/2-1/2"]
[WhiteElo "1831"]
[BlackElo "1619"]
[PlyCount "39"]
[EventDate "2004.10.24"]
[EventType "team"]
[EventRounds "9"]
[EventCountry "GER"]
[SourceTitle "EXT 2009"]
[Source "ChessBase"]
[SourceDate "2008.11.26"]
[SourceVersion "1"]
[SourceVersionDate "2008.11.26"]
[SourceQuality "1"]
[WhiteTeam "Waren"]
[BlackTeam "Stralsund II"]
[WhiteTeamCountry "GER"]
[BlackTeamCountry "GER"]

1. e4 d5 2. exd5 Qxd5 3. Nf3 Bg4 4. Be2 e6 5. 0-0 Nf6 6. c4 Qa5 7. d4 c6 8. Nc3 Be7 9. h3 Bh5 10. a3 0-0 11. Bf4 Qd8 12. Ne5 Bxe2 13. Nxe2 c5 14. dxc5 Bxc5 15. b4 Bd6 16. Qc2 Qc7 17. Nd3 Bxf4 18. Ndxf4 a5 19. Nd3 Nd5 20. Nd4 1/2-1/2

[Event "Mecklenburg VP LL1 0405"]
[Site "Mecklenburg VP"]
[Date "2004.11.14"]
[Round "2.5"]
[White "Czuchnicki, Jan"]
[Black "Pelnar, Helmut"]
[Result "1-0"]
[WhiteElo "2088"]
[BlackElo "1831"]
[PlyCount "81"]
[EventDate "2004.10.24"]
[EventType "team"]
[EventRounds "9"]
[EventCountry "GER"]
[SourceTitle "EXT 2009"]
[Source "ChessBase"]
[SourceDate "2008.11.26"]
[SourceVersion "1"]
[SourceVersionDate "2008.11.26"]
[SourceQuality "1"]
[WhiteTeam "Torgelow Droegeheide"]
[BlackTeam "Waren"]
[WhiteTeamCountry "GER"]
[BlackTeamCountry "GER"]

1. d4 d5 2. c4 c6 3. Nf3 Nf6 4. g3 g6 5. Bg2 Bg7 6. 0-0 0-0 7. Nc3 dxc4 8. a4 Bf5 9. h3 Ne4 10. Be3 Nd7 11. Qc1 Nxc3 12. bxc3 Be4 13. Bh6 Nf6 14. Bxg7 Kxg7 15. Ne5 Bxg2 16. Kxg2 c5 17. e3 Rc8 18. f3 cxd4 19. exd4 Qa5 20. Re1 e6 21. Ra3 Rfd8 22. Qb2 Rc7 23. Qc1 Rd6 24. Qg5 h6 25. Qc1 Rb6 26. h4 Rb3 27. Nxc4 Rxc4 28. Rxb3 Qxa4 29. Rxb7 Qc6 30. Rb3 Nd5 31. Qa1 Nxc3 32. Qxa7 Nb5 33. Qa1 Rc2+ 34. Kh3 Qd5 35. Rxb5 Qxb5 36. d5+ Kh7 37. Qf6 Kg8 38. dxe6 Qf5+ 39. Qxf5 gxf5 40. e7 Rc8 41. e8Q+ 1-0